Theme Parks With Five or More Roller Coasters - Statistics

General Stats
  • This quiz has been taken 182 times
  • The average score is 22 of 47
Answer Stats
Hint Answer % Correct
Ohio Cedar Point
82%
Florida Universal Studios Islands of Adventure
78%
California Six Flags Magic Mountain
76%
Ohio Kings Island
74%
Florida Busch Gardens Tampa Bay
73%
California Knott's Berry Farm
70%
Texas Six Flags Over Texas
70%
New Jersey Six Flags Great Adventure
69%
Illinois Six Flags Great America
68%
Virginia Busch Gardens Williamsburg
66%
California California's Great America
66%
Tennessee Dollywood
66%
Florida SeaWorld Orlando
66%
Virginia Kings Dominion
65%
Pennsylvania Hersheypark
63%
Georgia Six Flags Over Georgia
63%
North Carolina Carowinds
60%
Missouri Silver Dollar City
57%
Texas Six Flags Fiesta Texas
56%
Maryland Six Flags America
53%
Pennsylvania Kennywood
51%
Massachusetts Six Flags New England
48%
Kentucky Kentucky Kingdom
47%
Missouri Six Flags St. Louis
45%
Michigan Michigan's Adventure
44%
California Six Flags Discovery Kingdom
44%
Texas SeaWorld San Antonio
43%
Utah Lagoon
40%
Pennsylvania Dorney Park & Wildwater Kingdom
37%
Missouri Worlds of Fun
37%
New York Six Flags Darien Lake
36%
Indiana Holiday World
35%
New York Luna Park
34%
New York Six Flags Great Escape
33%
Minnesota Valleyfair
32%
Pennsylvania Knoebels Amusement Resort
31%
Oklahoma Frontier City
30%
Indiana Indiana Beach
29%
Idaho Silverwood Theme Park
28%
Colorado Elitch Gardens
27%
Connecticut Lake Compounce
27%
Wisconsin Mt. Olympus Water & Theme Park
26%
Iowa Adventureland
25%
Pennsylvania Waldameer
17%
Georgia Wild Adventures
14%
New Jersey Morey's Piers
13%
Minnesota Nickelodean Universe
3%
No matching quizzes found
Score Distribution
Percent of People with Each Score
Percentile by Number Answered
Your Score History
You have not taken this quiz